1665 1121 1173 1073 1664 1349 1949 1605 1782 1690 1184 1363 1468 1720 1220 1867 1894 1406 1971 1046 1607 1756 1877 1080 1847 1372 1658 1600 1186 1720 1011 1292 1573 1971 1177 1177 1414 1339 1293 1950 1188 1170 1056 1973 1090 1650 1278 1005 1641 1395 1995 1602 1506 1699 1360 1940 1969 1396 1881 1268 1060 1072 1861 1190 1055 1319 1158 1458 1863 1465 1804 1773 1514 1798 1537 1366 1985 1937 1518 1346 1712 1623 1587 1536 1237 1674 1404 1814 1614 1314 1678 1748 1119 1508 1811 1210 1520 1393 1914 BCNSPRNW ULIB Ver.6.0+V

เปลี่ยนเป็นภาษาไทย

Change to English
 แสดงรายละเอียดบรรณานุกรม
  กลับหน้าหลัก

Brief Record : Get Marc (ISO 2709) : E-mail record : QR code < ปิดหน้าต่าง
LEADER : 00000nam 2200000uu 4500
001    13399124720
003     ULIB
008    160203s2558||||th 000 0 tha d
099    ^aวจ.WQ248^bอ496ก
100    ^aอัจฉโรบล แสงประเสริฐ
245    ^aปัจจัยบางประการ และการสนับสนุนจากสามี ที่มีอิทธิพลต่อพฤติกรรมการดูแลตนเองของสตรีตั้งครรภ์ ที่เป็นเบาหวานชนิด เอ วัน/^cอัจฉโรบล แสงประเสริฐ,พลอยไพลิน มาสุข กำแพงจินดา
260    ^aนครสวรรค์ :^bวิทยาลัยพยาบาลบรมราชชนี สวรรค์ประชารักษ์ นครสวรรค์,^c2558
300    ^a55 หน้า;^b29 ซม.
650    ^aสตรีตั้งครรภ์^xเบาหวาน^yวิจัย
700    ^aพลอยไพลิน มาสุข กำแพงจินดา
945    ^p0^l0^i000272
999    ^aเกษร โพธิ์สุวรรณ
รายการนี้ยังไม่มีแท็ก
คุณยังไม่ได้ล็อกอิน คุณสามารถมีกิจกรรมร่วมกับเว็บไซต์ได้ แต่ต้องล็อกอินก่อน ::
  ล็อกอิน

รายการสื่อสารสนเทศ

ลำดับที่ ประเภท เลขเรียก/บาร์โค้ด สถานที่ สถานะ
1. งานวิจัย
งานวิจัย
วจ.WQ248 อ496ก ฉ.1 
  Barcode: 000272
ห้องสมุดวิทยาเขตสวรรค์ประชารักษ์
►วิจัย
บนชั้น

รายการใกล้เคียง
    ผู้แต่ง [อัจฉโรบล แสงประเสริฐ]

BibComment


ยังไม่เคยถูกคอมเมนท์

คอมเมนท์ทรัพยากรรายการนี้
  คอมเมนท์: ปัจจัยบางประการ ..


 Copyright 2026. Bcnsprnw @Library